| 000 | 01703nam0a2200361 4500 | ||
|---|---|---|---|
| 001 | RU\NLR\bibl\1013107 | ||
| 005 | 20260409080610.0 | ||
| 010 |
_a5-89424-018-2 _bВ пер. _910000 |
||
| 021 |
_aRU _b2006-65213 _93263 |
||
| 035 | _a(nilc)RSL-KNO-002960205 | ||
| 035 | _a(NLR Aleph) 001000725 | ||
| 090 |
_a576942 _c576942 |
||
| 100 | _a20061010d2006 |||y0rusy50 ca | ||
| 101 | 0 | _arus | |
| 102 | _aRU | ||
| 105 | _ay zzzz||||| | ||
| 106 | _ar | ||
| 200 | 1 | _aСвятое Евангелие | |
| 210 |
_aМосква _cПравославное братство св. ап. Иоанна Богослова _d2006 _eМожайск (Моск.обл.) _gМожайский полиграфкомбинат |
||
| 215 |
_a477 с. _d15 |
||
| 500 |
_aБиблия _iН.З. _iЕвангелие _3RU\NLR\auth\553145 _92631082 |
||
| 517 | 0 | _aБиблия | |
| 605 |
_aБиблия _iНовый Завет _iЕвангелие _92079095 _3RU\NLR\auth\661254967 |
||
| 610 | 0 | _aРелигия -- Христианство -- Библия -- Новый Завет -- Тексты Нового Завета. Исследование, критика и толкование текстов Нового Завета -- Тексты и исследование текстов отдельных книг Нового Завета -- Канонические книги Нового Завета -- Евангелия. Четвероевангелие | |
| 686 |
_aЭ37-220.911,0 _2rubbk |
||
| 686 | _aЭ37-220.911 | ||
| 801 | 0 |
_aRU _bРКП _c20061010 _grcr |
|
| 801 | 1 |
_aRU _bРГБ _c20061010 |
|
| 801 | 2 |
_aRU _bNLR _c20061124 _grcr |
|
| 942 | _cBOOK | ||
| 980 | _aNB | ||